00685nam a2200169Ia 4500008004100000020002200041050001500063100002600078240004700104245007000151250000600221260004900227300001900276440003000295500013300325650005700458120626s9999 xx 000 0 und d a978-968-16-0588-8 aF1234 S587 aSILVA HERZOG, Jesús aBreve historia de la revolución mexicana aBreve historia de la revolución mexicana / Jesús silva Herzog a2 aMéxico: fondo de cultura Económica (FCE) a387 p. 2 Vols. a(Colección Popular; 17) aV. I.- Los antecedentes y la etapa maderista V. II.- la etapa constitucionalista y la lucha de facciones 19A reimpresión 2007 a1.- MÉXICO -- HISTORIA -- REVOLUCION 1910 -1920Ì